| 000 | 01954cam a2200337 4500 | ||
|---|---|---|---|
| 001 | ABS68315 | ||
| 008 | 041029n2004 000 0 eng u | ||
| 035 | _a(Sirsi) u127880 | ||
| 100 | _aEade, C. | ||
| 245 | _aRegional survey: Wales supplement | ||
| 260 | _c2004 | ||
| 490 |
_aProperty Week _v October 2004 (34) (LOAN) |
||
| 520 | _a"The new face of development" reports on the implications of the latest changes to the Welsh Development Agency, which has now been taken over by the National Assembly for Wales. "Out for discussion" argues that while the town centre has won the retail battle in England, in Wales it is not so clear cut that out-of-town centres are bad for city centres. "Saturation point" reports how Cardiff has been so successful in attracting business that it is running low on office space and there are few speculative schemes in the pipeline. "Master of science" reports that after a decade of declining manufacturing, Wales is hoping to remarket itself as a centre of excellence in the high-tech world of research and development. "Clouded horizon" discusses how Mostyn Estates has preserved Llandudno's historic reputation for years but where it no longer controls the freeholds, the future is uncertain. "Cashing in down in the south" reports how surveyors have benefited from the growth of practices in and around Cardiff. | ||
| 590 | _aABS | ||
| 590 | _aABS | ||
| 650 | _aWALES | ||
| 650 | _aCARDIFF | ||
| 650 | _aLLANDUDNO | ||
| 650 | _aEMPLOYMENT | ||
| 650 | _aINDUSTRIAL MARKET | ||
| 650 | _aPROPERTY-COMMERCIAL PROPERTY-OFFICE PROPERTY-OFFICE PROPERTY MARKET | ||
| 650 | _aPROPERTY-COMMERCIAL PROPERTY-RETAIL PROPERTY-RETAIL PROPERTY MARKET | ||
| 650 | _aOUT OF TOWN RETAIL | ||
| 650 | _aREGENERATION | ||
| 650 | _aWELSH DEVELOPMENT AGENCY | ||
| 650 | _aNATIONAL ASSEMBLY FOR WALES | ||
| 690 | _aCOMMERCIAL PROPERTY-MARKET | ||
| 700 | _aWatts, T. | ||
| 700 | _aMartin, Y. | ||
| 942 | _n0 | ||
| 999 |
_c118258 _d118258 |
||